Statistics for Common given names in all featured languages #4

Click here to take the quiz!

General Stats

  • This quiz has been taken 256 times
    (255 since last reset)
  • The average score is 25 of 56

Answer Stats

NameLanguageAnswer% Correct
AndrewPortugueseAndré
95%
AndrewFrenchAndré
95%
JosephPortugueseJosé
95%
JosephSpanishJosé
95%
PaulDutchPaul
94%
PaulFrenchPaul
94%
PaulGermanPaul
94%
GregoryGermanGregor
91%
JosephGermanJoseph
86%
JosephFrenchJoseph
86%
NicholasItalianNicola
86%
ChristopherGermanChristoph
85%
NicholasFrenchNicolas
75%
NicholasSpanishNicolás
75%
ChristopherFrenchChristophe
68%
PaulPortuguesePaulo
64%
AndrewItalianAndrea
61%
MatthewSpanishMateo
60%
MatthewItalianMatteo
58%
PaulItalianPaolo
57%
GregoryItalianGregorio
51%
GregoryPortugueseGregório
51%
GregorySpanishGregorio
51%
PaulSpanishPablo
48%
AndrewSpanishAndrés
47%
AndrewDutchAndreas
46%
AndrewGermanAndreas
46%
AndrewFinnishAndreas
46%
MatthewFinnishMatti
42%
MatthewFrenchMathieu
37%
JosephItalianGiuseppe
36%
GregoryFrenchGrégoire
35%
ChristopherSpanishCristóbal
33%
MatthewPortugueseMateus
28%
ChristopherFinnishKristofer
24%
PaulPolishPaweł
23%
JosephDutchJozef
22%
JosephPolishJózef
22%
NicholasGermanNikolaus
21%
NicholasFinnishNikolai
19%
ChristopherItalianCristoforo
18%
GregoryPolishGrzegorz
15%
MatthewPolishMateusz
15%
MatthewDutchMatteüs
14%
AndrewPolishAndrzej
13%
MatthewGermanMatthäus
13%
ChristopherPolishKrzysztof
12%
NicholasPortugueseNicolau
11%
NicholasPolishMikołaj
10%
ChristopherPortugueseCristóvão
7%
JosephFinnishJoosef
5%
NicholasDutchNicolaas
4%
PaulFinnishPaavali
3%
ChristopherDutchChristoffel
2%
GregoryDutchGregoor
2%
GregoryFinnishReijo
2%

Score Distribution

Percentile by Number Answered

Percent of People with Each Score

Your Score History

You have not taken this quiz since the last reset